000 00484nam a2200157 a 4500
001 7230
005 20180713191123.0
008 140415s1990 mx 000 0 spa d
041 _aspa
082 _a306.98
_bCUL
245 0 0 _aCULTURA Y POLITICA LATINA
250 _a1a ed.
260 _aMEXICO :
_bSIGLO VEINTIUNO EDITORES,
_c1990
300 _a378
650 1 4 _aAMERICA LATINA
_xCONDICIONES ECONOMICAS
_xAMERICA LATINA
_xCONDICIONES SOCIALES
_xAMERICA LATINA
_xPOLITICA
999 _c7230
_d7230